Zo nda Gbagba Bidzhu. (Record no. 39924)
[ view plain ]
| 000 -LEADER | |
|---|---|
| fixed length control field | 00580nam a22001931a 4500 |
| 005 - DATE AND TIME OF LATEST TRANSACTION | |
| control field | 20110718133124.0 |
| 008 - FIXED-LENGTH DATA ELEMENTS--GENERAL INFORMATION | |
| fixed length control field | 091005s1995 001 0 eng d |
| 020 ## - INTERNATIONAL STANDARD BOOK NUMBER | |
| Terms of availability | 0.00 |
| 040 ## - CATALOGING SOURCE | |
| Original cataloging agency | NEGST Library - Kenya |
| 050 #4 - LIBRARY OF CONGRESS CALL NUMBER | |
| Classification number | BS 325.A85 1995 |
| 082 0# - DEWEY DECIMAL CLASSIFICATION NUMBER | |
| Classification number | BS 325.A85 1995 |
| 245 00 - TITLE STATEMENT | |
| Title | Zo nda Gbagba Bidzhu. |
| 260 ## - PUBLICATION, DISTRIBUTION, ETC. (IMPRINT) | |
| Name of publisher, distributor, etc | Societe Biblique Interna, |
| Date of publication, distribution, etc | 1995. |
| 300 ## - PHYSICAL DESCRIPTION | |
| Extent | 353p. |
| 500 ## - GENERAL NOTE | |
| General note | [Africana] Photos, Maps. |
| 600 10 - SUBJECT ADDED ENTRY--PERSONAL NAME | |
| Personal name | Attie language - Bible. |
| 852 ## - LOCATION/CALL NUMBER | |
| -- | 12.00 |
| 852 ## - LOCATION/CALL NUMBER | |
| -- | 12.00 |
| Withdrawn status | Lost status | Source of classification or shelving scheme | Damaged status | Not for loan | Collection code | Home library | Current library | Shelving location | Date acquired | Source of acquisition | Cost, normal purchase price | Total Checkouts | Full call number | Barcode | Date last seen | Copy number | Price effective from | Koha item type |
|---|---|---|---|---|---|---|---|---|---|---|---|---|---|---|---|---|---|---|
| Library of Congress Classification | Reference | AIU/NEGST - Tony Wilmot Memorial Library | AIU/NEGST - Tony Wilmot Memorial Library | Reference | 10/05/2009 | donation | 12.00 | REF BS 325.A85 1995 | R17548M3232 | 09/26/2019 | 1 | 10/05/2009 | Reference | |||||
| Library of Congress Classification | Reference | AIU/NEGST - Tony Wilmot Memorial Library | AIU/NEGST - Tony Wilmot Memorial Library | Reference | 10/05/2009 | donation | 12.00 | REF BS 325.A85 1995 | R34675M3232 | 09/26/2019 | 2 | 10/05/2009 | Africana collection ( Reference) |
